Houari Boumediene Airport Destinations (Algiers, Algeria) - Map - Statistics

General Stats
  • This quiz has been taken 19 times
  • The average score is 56 of 95
Answers on the Map
Answers color-coded by a green-red scale on the quiz's map according to % correct below.
 
Answer Stats
Destination % Correct
Barcelona
100%
Beirut
100%
Cairo
100%
Doha
100%
Istanbul
100%
Istanbul (Sabiha Gökçen)
100%
London (Gatwick)
100%
London (Heathrow)
100%
London (Stansted)
100%
Madrid
100%
Marseille
100%
Milan (Malpensa)
100%
Moscow (Sheremetyevo)
100%
Paris (Charles de Gaulle)
100%
Paris (Orly)
100%
Rome (Fiumicino)
100%
Amman (Queen Alia)
93%
Antalya
93%
Beijing (Capital)
93%
Bordeaux
93%
Brussels
93%
Budapest
93%
Dubai (International)
93%
Frankfurt
93%
Geneva
93%
Jeddah
93%
Lyon
93%
Medina
93%
Nantes
93%
Nice
93%
Toulouse
93%
Vienna
93%
Basel/Mulhouse
87%
Damascus
87%
Guangzhou
87%
Manchester
87%
Palma de Mallorca
87%
Rotterdam/The Hague
87%
Tunis
87%
Valencia
87%
Abidjan
80%
Johannesburg (O.R. Tambo)
80%
Kuala Lumpur (International)
80%
Lille
80%
Montréal (Trudeau)
80%
Sharm El Sheikh
80%
Strasbourg
80%
Alicante
73%
Caracas
73%
Dakar (Diass)
73%
Hurghada
73%
Montpellier
73%
Oran
73%
Bamako
60%
Douala
60%
Niamey
60%
Ouagadougou
60%
Nouakchott
53%
Annaba
47%
Constantine
47%
Toulon
47%
Clermont-Ferrand
40%
Sétif
40%
Batna
33%
Béjaïa
33%
Biskra
27%
Metz/Nancy
27%
Tamanrasset
27%
Tlemcen
27%
El Oued
20%
Tindouf
20%
Abuja
13%
Béchar
13%
Chlef
13%
Djanet
13%
Tébessa
13%
Adrar
7%
El Bayadh
7%
Ghardaïa
7%
Hassi Messaoud
7%
In Salah
7%
Jijel
7%
Ouargla
7%
Bou Saada
0%
El Goléa
0%
Hassi R'Mel
0%
Illizi
0%
In Amenas
0%
Laghouat
0%
Lisbon
0%
Mascara
0%
Mécheria
0%
Tiaret
0%
Timimoun
0%
Touggourt
0%
No matching quizzes found
Score Distribution
Percent of People with Each Score
Percentile by Number Answered
Your Score History
You have not taken this quiz